00374nam a22001337a 4500020001500000082001800015100002800033245002600061260005700087300003700144700002000181700001900201700002000220 a8126506725 222a005.27622 aHart, Chris...[et al.]. aBegining ASP net 20 / aNew Delhi,bJohn Wiley and Sons Publishers, cc2006. axxiii, 759 p. ;bill. ;c24 cm.  aKauffman, John. aSussan, David. aUllman, Chris.